ბათუმის შოთა რუსთაველის სახელმწიფო უნივერსიტეტის ბიბლიოთეკა

High-impact practices in online education : (ბიბ.ჩანაწერი № 58248)

000 -LEADER
fixed length control field 01022cam a2200205 i 4500
001 - CONTROL NUMBER
control field 20347790
005 - DATE AND TIME OF LATEST TRANSACTION
control field 20221108160952.0
008 - FIXED-LENGTH DATA ELEMENTS--GENERAL INFORMATION
fixed length control field 180206s2018 vau b 001 0 eng
020 ## - INTERNATIONAL STANDARD BOOK NUMBER
International Standard Book Number 9781620368473 X
080 ## - UNIVERSAL DECIMAL CLASSIFICATION NUMBER
Universal Decimal Classification number 378.1 H-65
245 00 - TITLE STATEMENT
Title High-impact practices in online education :
Remainder of title research and best practices /
Statement of responsibility, etc. edited by Kathryn E. Linder and Chrysanthemum Mattison Hayes ; foreword by Kelvin Thompson.
264 #1 - PRODUCTION, PUBLICATION, DISTRIBUTION, MANUFACTURE, AND COPYRIGHT NOTICE
Place of production, publication, distribution, manufacture Sterling, Virginia :
Name of producer, publisher, distributor, manufacturer Stylus Publishing,
Date of production, publication, distribution, manufacture, or copyright notice 2018.
300 ## - PHYSICAL DESCRIPTION
Extent 248 pages ;
Dimensions 24 cm.
653 ## - INDEX TERM--UNCONTROLLED
keyword მაღალი ზემოქმედების პრაქტიკა ონლაინ განათლებაში
653 ## - INDEX TERM--UNCONTROLLED
keyword ვებ დაფუძნებული ინსტრუქცია
653 ## - INDEX TERM--UNCONTROLLED
keyword ინტერნეტი უმაღლეს განათლებაში
700 1# - ADDED ENTRY--PERSONAL NAME
Personal name Linder, Kathryn E.,
Relator term რედაქტორი
9 (RLIN) 12610
700 1# - ADDED ENTRY--PERSONAL NAME
Personal name Hayes, Chrysanthemum Mattison,
Relator term რედაქტორი
9 (RLIN) 12611
942 ## - ADDED ENTRY ELEMENTS (KOHA)
Source of classification or shelving scheme
Koha item type წიგნი
ეგზემპლარები
Withdrawn status Lost status Source of classification or shelving scheme Damaged status Not for loan Permanent Location Current Location Shelving location Date acquired Cost, normal purchase price Full call number Barcode Date last seen Copy number Price effective from Koha item type Public note
          ბათუმის შოთა რუსთაველის სახელმწიფო უნივერსიტეტის მთავარი ბიბლიოთეკა ბათუმის შოთა რუსთაველის სახელმწიფო უნივერსიტეტის მთავარი ბიბლიოთეკა წიგნსაცავი 2021-10-07 123.00 378.1 H-65 61804 2021-10-07 61804 2021-10-07 წიგნი 123 ლ.
          ბათუმის შოთა რუსთაველის სახელმწიფო უნივერსიტეტის მთავარი ბიბლიოთეკა ბათუმის შოთა რუსთაველის სახელმწიფო უნივერსიტეტის მთავარი ბიბლიოთეკა წიგნსაცავი 2021-10-07 123.00 378.1 H-65 61805 2021-10-07 61805 2021-10-07 წიგნი 123 ლ.